000 00430nam a2200181Ia 4500
001 14846
005 20260306164944.0
008 260306t2000||||xx |||||||||||||| ||spa||
041 _aESP
082 _a519.5
_bB25
100 _aBarreno V., Emma V
_eAUT
245 0 _aEstadĂ­stica aplicada a la empresa
260 _c2000
300 _a277 páginas :
_c28 cm.
650 _aGEN
654 _aCMA
942 _cLIB
_dJUS
_fJUS
_2ddc
_n
999 _c14846
_d14846